000
00252nam a22001097a 4500
082
_a
539.7 PEA'E
100
_a
PEASLEE' D.C
_9
59681
245
_a
ELEMENTS OF ATOMIC PHYSICS
260
_a
NEW JERSEY
_b
PRENTICE HALL
_c
1955
300
_a
394P
942
_c
BK
999
_c
569600
_d
569600